[Event "Foment Martinenc op-C 19st"]
[Site "Barcelona"]
[Date "2017.05.27"]
[Round "6.16"]
[White "Latorre Coma, Antoni"]
[Black "Jorba Juez, Guillem"]
[Result "1/2-1/2"]
[WhiteElo "1661"]
[BlackElo "1730"]
[PlyCount "62"]
[EventDate "2017.04.22"]
[EventType "swiss"]
[EventRounds "9"]
[EventCountry "ESP"]
[SourceTitle "EXT 2024"]
[Source "ChessBase"]
[SourceDate "2023.10.10"]
[SourceVersion "1"]
[SourceVersionDate "2023.10.10"]
[SourceQuality "1"]

1. e4 c5 2. Nf3 d6 3. Nc3 Nf6 4. d3 e6 5. Be2 Be7 6. d4 cxd4 7. Nxd4 e5 8. Nf3 Be6 9. Ng5 Bd7 10. Bc4 0-0 11. 0-0 Nc6 12. Bxf7+ Rxf7 13. Nxf7 Kxf7 14. Nd5 Nxe4 15. Nxe7 Qxe7 16. Qd5+ Be6 17. Qxe4 Kg8 18. f4 d5 19. Qf3 e4 20. Qg3 Bf5 21. Bd2 Nd4 22. Qg5 Qf7 23. Rfe1 Nxc2 24. Be3 Nxa1 25. Rxa1 h6 26. Qg3 Qf6 27. Rd1 Rd8 28. Bd4 Qe7 29. a3 a6 30. b4 b5 31. Qe3 Rd7 1/2-1/2